000 00333nam a2200133 a 4500
005 20140414131856.0
008 100828s19uu xx 00 eng d
050 _aFIL
_bD61 2002
100 _aTejido, Jose Miguel
245 _aSi Dindo Pundido.
260 _aManila, Philippines :
_bAdarna,
_c2002.
440 _a
999 _c110469
_d110469